000 00477cam a2200181ua 4500
020 _a0-85112-433-X
_c121.60
041 _aeng
_h
082 _a028.70179
_bMCW/GU
100 _aMcWhirter, Norris D .
245 0 0 _aGuinness book of records - 32 /
_cNorris D McWhirter.
_hTextual Documents
250 _a32 /
_b.
260 _aU K :
_bGuiness Superlatives Ltd ,
_c1985.
300 _a322 ; .
365 _a121.60
504 _a
942 _cBK
999 _c8946
_d8946